[Event "Montevideo Duchamp Cup 6th"]
[Site "Montevideo"]
[Date "2023.02.06"]
[Round "4"]
[White "Davila Brondo, Mario Eduardo"]
[Black "Sanhueza, Cristian"]
[Result "0-1"]
[WhiteElo "1769"]
[BlackElo "2193"]
[PlyCount "70"]
[EventDate "2023.02.03"]
[EventType "swiss"]
[EventRounds "9"]
[EventCountry "URU"]
[SourceTitle "CBM 212 Extra"]
[Source "ChessBase"]
[SourceDate "2023.03.31"]
[SourceVersion "1"]
[SourceVersionDate "2023.03.31"]
[SourceQuality "1"]

1. Nf3 Nf6 2. g3 g6 3. Bg2 Bg7 4. c4 0-0 5. Nc3 d6 6. d4 Nc6 7. 0-0 a6 8. e4 Bg4 9. h3 Bxf3 10. Bxf3 Nd7 11. Be3 e5 12. d5 Nd4 13. Bg2 c5 14. f4 f5 15. Qd2 exf4 16. gxf4 b5 17. b3 b4 18. Na4 fxe4 19. Rae1 Qh4 20. Bxe4 Qxh3 21. Qg2 Qxg2+ 22. Kxg2 Nf5 23. Bc1 Nf6 24. Bxf5 gxf5 25. Re7 Rfe8 26. Rfe1 Ne4 27. Rxe8+ Rxe8 28. Bb2 Kf7 29. Bxg7 Rg8 30. Nb2 Rxg7+ 31. Kh2 Kf6 32. Nd3 Rg3 33. Rxe4 fxe4 34. Nf2 Rg6 35. Nxe4+ Kf5 0-1